000
00350nam a2200145Ia 4500
008
230718s9999 xx 000 0 und d
041
_a
Eng.
082
_a
340
_b
DHE-P
100
_a
Dhehangal Ch,Iqbal Ahmed
245
0
_a
Pakitan law journal (2008)
260
_a
Pakistan
_b
All Pakistan legal
_c
2009
300
_a
394
650
_a
Law
999
_c
27503
_d
27503